• 首页
  • 本馆介绍
  • 公告通知
  • 最新文献
  • 馆藏检索
  • 电子资源
  • 读者导购
  • 参考咨询
  • 我的图书馆
  • 登录
  • 详细信息显示
  • 放入我的书架
  • 预约/预借图书
  • 作者相关作品
  • 分类相关作品
  • 丛书相关作品
  • 出版社相关作品

书目信息

  • 表格格式
  • 工作单格式
  • 卡片格式
题名:
放射性核素活度测量的方法和技术
    
 
作者: 古当长 著
分册:  
出版信息: 北京   科学出版社  1994
页数: 364
开本: 20cm
丛书名:
单 册:
中图分类: O615
科图分类:
主题词: 无机化学
电子资源:
ISBN: 7-03-004317-0
000 00550nam0 2200181 450
001 0754114953
005 20070929150154.95
010    @a7-03-004317-0
100    @a20070929d km y0chiy0120 ea
101 0  @achi
200 1  @a放射性核素活度测量的方法和技术@Afang she xing he su huo du ce liang de fang fa he ji shu@f古当长 著@Fgu dang chang zhu
210    @a北京@c科学出版社@d1994
215    @a364@c插图@d20cm
606 0  @a无机化学
690    @aO615@v3
701  0 @a古当长@Agu dang chang@4著
801  0 @aCN@bPFT@c20070929
905    @a213230@dO615@eh40@f1
    
    放射性核素活度测量的方法和技术/古当长 著.-北京:科学出版社,1994
    364:插图;20cm
    
    
    ISBN 7-03-004317-0:
    
●
相关链接 在E读中查询图书 在五车中查询图书 在当当中查询图书 在豆瓣中查询图书


正题名:放射性核素活度测量的方法和技术     索取号:O615/h40         预约/预借

序号 登录号 条形码 馆藏地/架位号 状态 备注
1 6001397   260013979   密集书库-化学系/ [索取号:O615/h40] 在馆    
2 6001398   260013988   密集书库-化学系/ [索取号:O615/h40] 在馆    
唐山师范学院图书馆 欢迎您!
大连网信软件有限公司© 版权所有